[Event "Quebec-ch U20 inv."]
[Site "Montreal CAN"]
[Date "2018.04.22"]
[Round "5"]
[White "Tanaka, Tyler"]
[Black "Chiku-Ratte, Olivier-Kenta"]
[Result "0-1"]
[WhiteElo "2145"]
[BlackElo "2394"]
[PlyCount "82"]
[EventDate "2018.04.20"]
[EventType "tourn"]
[EventRounds "5"]
[EventCountry "CAN"]

1. e4 c5 2. Nf3 d6 3. d4 cxd4 4. Nxd4 Nf6 5. Nc3 g6 6. Be3 Bg7 7. f3 a6 8. Qd2
Nbd7 9. O-O-O h5 10. Nd5 Nxd5 11. exd5 Qc7 12. Nb3 b6 13. Be2 Nf6 14. Qb4 Bf5
15. c3 b5 16. g4 hxg4 17. fxg4 Bc8 18. g5 Nd7 19. Rhf1 Ne5 20. Qf4 Rh3 21. Bd3
Bd7 22. Bc2 O-O-O 23. Bd4 f5 24. Kb1 Rdh8 25. Rf2 R8h4 26. Qd2 Bh8 27. Qe1 Rh5
28. Qg1 Kb7 29. Ka1 Bg7 30. Kb1 Be8 31. Rf4 Rxh2 32. Bxe5 Bxe5 33. Rf3 Bf7 34.
Qe1 Ka8 35. a3 Rg2 36. Rc1 Rhh2 37. Rd3 Bf4 38. Nd4 Bxc1 39. Kxc1 Bxd5 40. Rg3
Rh1 41. Qxh1 Rxc2+ 0-1

[Event "Choc des Generations"]
[Site "Montreal CAN"]
[Date "2018.04.06"]
[Round "1"]
[White "Duong, Thanh Nha"]
[Black "Chiku-Ratte, Olivier-Kenta"]
[Result "1-0"]
[WhiteElo "2175"]
[BlackElo "2274"]
[PlyCount "103"]
[EventDate "2018.04.06"]
[EventType "schev"]
[EventRounds "5"]
[EventCountry "CAN"]

1. e4 c5 2. Ne2 g6 3. c3 Bg7 4. d4 cxd4 5. cxd4 d5 6. e5 Nc6 7. Nbc3 Nh6 8. g3
Bg4 9. Bg2 Bxe2 10. Nxe2 e6 11. h4 Nf5 12. Bh3 h5 13. Bxf5 exf5 14. O-O O-O 15.
Be3 Kh7 16. Nf4 Qd7 17. Rc1 Bh6 18. Qf3 Ne7 19. Rc5 Bxf4 20. Qxf4 Ng8 21. Qf3
Ne7 22. Bg5 b6 23. Bxe7 Qxe7 24. Rxd5 Rac8 25. Rd6 Rfd8 26. Rxd8 Rxd8 27. Rd1
Qe6 28. Qb3 Rd5 29. f4 Qd7 30. Qc4 Kg7 31. Kf2 f6 32. Rd3 b5 33. Qc3 fxe5 34.
fxe5 f4 35. gxf4 Qg4 36. Rf3 Qxh4+ 37. Ke3 Qg4 38. Ke4 Rd7 39. d5 Qf5+ 40. Kd4
Qe6 41. d6 h4 42. Qb3 Qf5 43. Qd3 Qg4 44. Kd5 Rd8 45. e6 b4 46. Qd4+ Kh6 47.
Re3 h3 48. e7 Re8 49. Qf6 Qg2+ 50. Ke6 Qg4+ 51. Kf7 h2 52. Rh3+ 1-0

[Event "Choc des Generations"]
[Site "Montreal CAN"]
[Date "2018.04.07"]
[Round "2"]
[White "Sambuev, Bator"]
[Black "Chiku-Ratte, Olivier-Kenta"]
[Result "1-0"]
[WhiteElo "2517"]
[BlackElo "2274"]
[PlyCount "147"]
[EventDate "2018.04.06"]
[EventType "schev"]
[EventRounds "5"]
[EventCountry "CAN"]

1. c4 Nf6 2. Nc3 g6 3. e4 d6 4. d4 Bg7 5. Be2 O-O 6. Bg5 c5 7. d5 h6 8. Bf4 e6
9. Qd2 exd5 10. exd5 Kh7 11. h4 Re8 12. O-O-O Bf5 13. f3 Nh5 14. Bh2 Bd4 15.
Ne4 Bxe4 16. fxe4 Nf6 17. h5 g5 18. Nf3 Nxe4 19. Qc2 Be3+ 20. Kb1 Kg8 21. Rhf1
f5 22. Bd3 Qe7 23. Ne5 dxe5 24. Rxf5 Nf6 25. Rxe5 Qf8 26. Rxe8 Nxe8 27. Be5 Qe7
28. Bc3 Bd4 29. Re1 Qf8 30. Rf1 Nf6 31. Bf5 Qg7 32. Bxd4 cxd4 33. c5 Nbd7 34.
c6 bxc6 35. dxc6 Nb6 36. c7 Re8 37. Qc6 Qe7 38. a4 Kg7 39. a5 Nc8 40. Bxc8 Rxc8
41. Rxf6 Qxf6 42. Qd7+ Qf7 43. Qxc8 Qf1+ 44. Ka2 Qc4+ 45. b3 Qc2+ 46. Ka3 Qc5+
47. Ka4 Qc6+ 48. Kb4 d3 49. Qd8 d2 50. Qxd2 Qb7+ 51. Ka4 Qc6+ 52. Ka3 Qxc7 53.
Qd4+ Kh7 54. Qe4+ Kh8 55. Qe8+ Kg7 56. Qg6+ Kf8 57. Qxh6+ Kg8 58. Qxg5+ Kh7 59.
Qf5+ Kh8 60. Qd5 Kh7 61. Kb4 Qb8+ 62. Kc4 Qc7+ 63. Kb5 Qe7 64. b4 Kh6 65. Qc6+
Kh7 66. Ka6 Qe2+ 67. Kxa7 Qxh5 68. a6 Qe5 69. b5 Kg8 70. Ka8 Qd4 71. Qc8+ Kf7
72. Qc7+ Ke8 73. a7 Kf8 74. Kb8 1-0

[Event "Choc des Generations"]
[Site "Montreal CAN"]
[Date "2018.04.07"]
[Round "3"]
[White "Chiku-Ratte, Olivier-Kenta"]
[Black "Masse, Hugues"]
[Result "0-1"]
[WhiteElo "2274"]
[BlackElo "2123"]
[PlyCount "76"]
[EventDate "2018.04.06"]
[EventType "schev"]
[EventRounds "5"]
[EventCountry "CAN"]

1. d4 Nf6 2. c4 e6 3. Nc3 Bb4 4. e3 O-O 5. Nge2 d5 6. a3 Bd6 7. cxd5 exd5 8.
Ng3 c5 9. dxc5 Bxc5 10. Bd3 Nc6 11. O-O Bg4 12. Qa4 Ne5 13. Bf5 d4 14. Bxg4
Nfxg4 15. exd4 Bxd4 16. h3 Nxf2 17. Rxf2 Nd3 18. Nd1 Re8 19. Qb3 Re1+ 20. Nf1
Bxf2+ 21. Nxf2 Nxc1 22. Qc4 Rc8 23. Qg4 Ne2+ 24. Kh2 Rxa1 25. Qxe2 Rac1 26. Nd3
R1c2 27. Qf3 Qd6+ 28. Kg1 Qd4+ 29. Kh2 b6 30. Ng3 Qd6 31. Nf4 Qe5 32. Nd3 Qf6
33. Qg4 Qg6 34. Qf3 Qc6 35. Ne4 Re8 36. Ndf2 Rxf2 37. Nxf2 Qxf3 38. gxf3 Re2
0-1

[Event "Choc des Generations"]
[Site "Montreal CAN"]
[Date "2018.04.08"]
[Round "4"]
[White "Chiku-Ratte, Olivier-Kenta"]
[Black "Tremblay, Rejean"]
[Result "1-0"]
[WhiteElo "2274"]
[BlackElo "2179"]
[PlyCount "85"]
[EventDate "2018.04.06"]
[EventType "schev"]
[EventRounds "5"]
[EventCountry "CAN"]

1. d4 d5 2. c4 c6 3. Nf3 Nf6 4. e3 e6 5. Qc2 Nbd7 6. Nc3 Bd6 7. Bd3 O-O 8. O-O
dxc4 9. Bxc4 e5 10. Rd1 Qe7 11. e4 exd4 12. Nxd4 Bc7 13. Nf5 Qe5 14. g3 Ne8 15.
Be3 Qf6 16. f4 Bb6 17. Qf2 Bxe3 18. Nxe3 Nb6 19. Bd3 Qe7 20. a4 Bd7 21. Re1 Rd8
22. a5 Nc8 23. e5 Be6 24. Qc2 h6 25. Ne4 Nc7 26. f5 Bd5 27. Ng4 Bxe4 28. Bxe4
Qg5 29. Qe2 Rd2 30. Qf3 Rxb2 31. f6 g6 32. Nf2 Ne6 33. Rad1 Rd2 34. Rxd2 Qxd2
35. Rd1 Qxa5 36. Bxg6 Qxe5 37. Bb1 Re8 38. h4 Nb6 39. Ng4 Qh5 40. Qe4 Nf8 41.
Qxe8 Qxg4 42. Qxf8+ Kxf8 43. Rd8# 1-0

[Event "Trois-Rivieres op"]
[Site "Trois-Rivieres CAN"]
[Date "2018.03.16"]
[Round "1.4"]
[White "Chiku-Ratte, Olivier-Kenta"]
[Black "Libersan, Thierry"]
[Result "1-0"]
[WhiteElo "2459"]
[BlackElo "2058"]
[PlyCount "69"]
[EventDate "2018.03.16"]
[EventType "swiss"]
[EventRounds "5"]
[EventCountry "CAN"]

1. d4 Nf6 2. c4 g6 3. Nc3 Bg7 4. e4 d6 5. f3 O-O 6. Nge2 Nbd7 7. Be3 c5 8. d5
a6 9. Ng3 Rb8 10. a4 h5 11. Be2 h4 12. Nf1 Ne8 13. Nd2 Nc7 14. Nb3 Nf6 15. O-O
Bd7 16. Qc2 b5 17. axb5 axb5 18. Nd2 Rb7 19. Bd3 Qb8 20. Ne2 Nh5 21. Rab1 bxc4
22. Nxc4 Na6 23. Bg5 Nb4 24. Qd2 Bb5 25. Bxh4 Re8 26. b3 Nf6 27. Nc3 Ba6 28.
Be2 Nd7 29. f4 Qc7 30. e5 dxe5 31. d6 exd6 32. Nxd6 Re6 33. Nxb7 Bxb7 34. Rbd1
exf4 35. Qxd7 1-0

[Event "Trois-Rivieres op"]
[Site "Trois-Rivieres CAN"]
[Date "2018.03.17"]
[Round "2.4"]
[White "Ouellet, Maili-Jade"]
[Black "Chiku-Ratte, Olivier-Kenta"]
[Result "1-0"]
[WhiteElo "2173"]
[BlackElo "2459"]
[PlyCount "79"]
[EventDate "2018.03.16"]
[EventType "swiss"]
[EventRounds "5"]
[EventCountry "CAN"]

1. d4 Nf6 2. c4 g6 3. Nc3 c5 4. d5 Bg7 5. e4 O-O 6. f4 e6 7. Be2 d6 8. Nf3 exd5
9. cxd5 a6 10. O-O Re8 11. e5 Nfd7 12. Ne4 dxe5 13. fxe5 Nxe5 14. Bg5 f6 15.
Nxe5 fxg5 16. Nf7 Qe7 17. Nfxg5 Qe5 18. d6 b5 19. Kh1 Ra7 20. Bf3 h6 21. Nh3
Bxh3 22. gxh3 Rf7 23. Nxc5 Kh7 24. Rc1 Qxb2 25. Be4 Rxf1+ 26. Qxf1 Qxa2 27. Qg1
Qf7 28. Rf1 Bf6 29. Qg2 Qg7 30. d7 Nxd7 31. Nxd7 Bd4 32. Nf8+ Kh8 33. Nxg6+ Kg8
34. Qa2+ Kh7 35. Ne5+ Kh8 36. Nf7+ Kg8 37. Nd6+ Kh8 38. Nxe8 Qe7 39. Qd5 Be5
40. Qxe5+ 1-0

[Event "Trois-Rivieres op"]
[Site "Trois-Rivieres CAN"]
[Date "2018.03.17"]
[Round "3.8"]
[White "Xu, Daniel"]
[Black "Chiku-Ratte, Olivier-Kenta"]
[Result "1/2-1/2"]
[WhiteElo "2006"]
[BlackElo "2459"]
[PlyCount "138"]
[EventDate "2018.03.16"]
[EventType "swiss"]
[EventRounds "5"]
[EventCountry "CAN"]

1. d4 Nf6 2. c4 g6 3. Nc3 Bg7 4. e4 d6 5. Nf3 O-O 6. Be2 c5 7. O-O cxd4 8. Nxd4
Nc6 9. Be3 Nxd4 10. Bxd4 Bd7 11. f3 a5 12. Nd5 Nxd5 13. cxd5 Bxd4+ 14. Qxd4 a4
15. a3 Qa5 16. Rac1 Rac8 17. Kh1 Rc7 18. Rxc7 Qxc7 19. Qc4 Qb6 20. Qb4 Qe3 21.
Bb5 Bxb5 22. Qxb5 Rc8 23. h3 Kf8 24. Qxb7 Rc2 25. Qa8+ Kg7 26. Qxa4 Rxb2 27.
Qe8 Qg5 28. Rg1 Ra2 29. a4 Qe5 30. Qb5 h5 31. a5 Qc3 32. a6 Qc7 33. Qb7 Qxb7
34. axb7 Rb2 35. Rc1 Rxb7 36. Rc2 Rb1+ 37. Kh2 h4 38. g3 hxg3+ 39. Kxg3 Kf6 40.
f4 Rb3+ 41. Kg4 Re3 42. Rc4 Kg7 43. h4 Rxe4 44. Rxe4 f5+ 45. Kf3 fxe4+ 46. Kxe4
Kf6 47. Ke3 e6 48. dxe6 Kxe6 49. Ke4 d5+ 50. Kd4 Kd6 51. f5 gxf5 52. h5 Ke6 53.
h6 Kf6 54. h7 Kg7 55. Kxd5 Kxh7 56. Ke5 Kg6 57. Kf4 Kf6 58. Kf3 Ke5 59. Ke3 f4+
60. Kf3 Kf5 61. Kf2 Kg4 62. Kg2 f3+ 63. Kf2 Kf4 64. Kf1 Kg3 65. Kg1 Kg4 66. Kf2
Kf4 67. Kf1 Ke3 68. Ke1 f2+ 69. Kf1 Kf3 1/2-1/2

[Event "Trois-Rivieres op"]
[Site "Trois-Rivieres CAN"]
[Date "2018.03.18"]
[Round "4.11"]
[White "Chiku-Ratte, Olivier-Kenta"]
[Black "Wilkin, Alain"]
[Result "1-0"]
[WhiteElo "2459"]
[BlackElo "1903"]
[PlyCount "61"]
[EventDate "2018.03.16"]
[EventType "swiss"]
[EventRounds "5"]
[EventCountry "CAN"]

1. d4 d6 2. c4 c6 3. Nc3 Qc7 4. e4 e5 5. Nge2 Nf6 6. f3 Be7 7. Be3 Nbd7 8. Qd2
O-O 9. Rc1 Re8 10. d5 c5 11. g4 Nf8 12. Ng3 Ng6 13. g5 Nd7 14. Nf5 a6 15. h4
Ndf8 16. Kf2 Nf4 17. Bxf4 exf4 18. Qxf4 Ng6 19. Qg3 Bxf5 20. exf5 Ne5 21. f4
Nd7 22. Bd3 Bf8 23. h5 b5 24. b3 bxc4 25. bxc4 Rab8 26. Rc2 Rb6 27. f6 Reb8 28.
Qg4 Rb2 29. Qf5 Rxc2+ 30. Bxc2 g6 31. hxg6 1-0

[Event "Trois-Rivieres op"]
[Site "Trois-Rivieres CAN"]
[Date "2018.03.18"]
[Round "5.6"]
[White "Zheng, Richard"]
[Black "Chiku-Ratte, Olivier-Kenta"]
[Result "0-1"]
[WhiteElo "2217"]
[BlackElo "2459"]
[PlyCount "128"]
[EventDate "2018.03.16"]
[EventType "swiss"]
[EventRounds "5"]
[EventCountry "CAN"]

1. d4 Nf6 2. c4 c5 3. d5 e6 4. Nc3 exd5 5. cxd5 d6 6. e4 g6 7. Bd3 Bg7 8. Nf3
O-O 9. O-O a6 10. a4 Bg4 11. h3 Bxf3 12. Qxf3 Nbd7 13. Bf4 Ne8 14. Qe2 Qe7 15.
Rac1 Nc7 16. Qd2 Rfb8 17. Na2 Ne5 18. Bxe5 Bxe5 19. b4 b5 20. a5 c4 21. Bb1 Ne8
22. Nc3 Nf6 23. Ne2 Nd7 24. g3 Re8 25. Kg2 Bg7 26. Nd4 Bxd4 27. Qxd4 Qe5 28.
Qxe5 Rxe5 29. f3 Rae8 30. g4 f5 31. exf5 Re2+ 32. Rf2 g5 33. Be4 Re3 34. Rcc2
Nf6 35. Rfe2 Rb3 36. Rb2 Rxb2 37. Rxb2 Nxe4 38. fxe4 Rxe4 39. Rd2 Re3 40. Rf2
Kf7 41. Rf3 Re5 42. h4 h6 43. hxg5 hxg5 44. Rh3 Kg7 45. f6+ Kxf6 46. Rh6+ Ke7
47. Rh7+ Kd8 48. Ra7 Rxd5 49. Rxa6 Kc7 50. Ra7+ Kb8 51. Rf7 c3 52. Rf1 Rd2+ 53.
Kg3 c2 54. Rc1 d5 55. Kf3 d4 56. Ke4 d3 57. Rh1 Rd1 58. Rh8+ Kc7 59. Rh7+ Kd6
60. Rh6+ Ke7 61. Ke5 Re1+ 62. Kf5 c1=Q 63. Rh7+ Kd6 64. Rh6+ Kd5 0-1

[Event "RA March op"]
[Site "Ottawa CAN"]
[Date "2018.03.02"]
[Round "1"]
[White "Kellar, Ben"]
[Black "Chiku-Ratte, Olivier-Kenta"]
[Result "1-0"]
[WhiteElo "2106"]
[BlackElo "2460"]
[PlyCount "79"]
[EventDate "2018.03.02"]
[EventType "swiss"]
[EventRounds "5"]
[EventCountry "CAN"]

1. c4 Nf6 2. g3 g6 3. Bg2 Bg7 4. Nc3 O-O 5. Nf3 d6 6. O-O Nc6 7. d3 Rb8 8. Rb1
a6 9. b4 e5 10. b5 axb5 11. cxb5 Ne7 12. a4 h6 13. Ba3 Re8 14. Qc2 Be6 15. Rfc1
Qd7 16. e4 Bh3 17. Bh1 Nh5 18. Nd5 Nxd5 19. exd5 Nf4 20. Ne1 Rbc8 21. Rb4 Qg4
22. Bf3 Qg5 23. Rc4 b6 24. Qd1 f5 25. Bxd6 Bf8 26. Bxf8 Kxf8 27. d6 Red8 28.
Rxc7 Rb8 29. Qb3 Qf6 30. gxf4 exf4 31. d7 Qg5+ 32. Kh1 Bg4 33. Qd5 h5 34. Rc8
Qe7 35. Rxb8 Rxb8 36. Rc8+ Kg7 37. Qd4+ Kh6 38. Qh8+ Kg5 39. d8=Q Bxf3+ 40.
Nxf3+ 1-0

[Event "RA March op"]
[Site "Ottawa CAN"]
[Date "2018.03.04"]
[Round "4"]
[White "Chiku-Ratte, Olivier-Kenta"]
[Black "Doubleday, William"]
[Result "1-0"]
[WhiteElo "2460"]
[BlackElo "1981"]
[PlyCount "163"]
[EventDate "2018.03.02"]
[EventType "swiss"]
[EventRounds "5"]
[EventCountry "CAN"]

1. d4 d5 2. c4 c6 3. Nf3 Nf6 4. e3 e6 5. Bd3 Nbd7 6. Nc3 dxc4 7. Bxc4 b5 8. Be2
Bb7 9. O-O a6 10. Qc2 c5 11. Rd1 Qb6 12. a3 Be7 13. e4 cxd4 14. Nxd4 Rc8 15.
Bf3 Ne5 16. Qe2 O-O 17. Be3 Qc7 18. Rac1 Qb8 19. Bf4 Bd6 20. Bg3 Nxf3+ 21. Nxf3
Bxg3 22. hxg3 e5 23. Nh4 Rfd8 24. Nf5 Rxd1+ 25. Rxd1 Rd8 26. f3 Qc7 27. g4 g6
28. Ne3 h6 29. Kh2 Rd4 30. Nc2 Kg7 31. g3 Rxd1 32. Nxd1 Qd6 33. Nde3 Qc5 34.
Qd2 Qb6 35. Qc3 Qd6 36. Nb4 Kg8 37. Kg2 Kf8 38. Kf2 Ke7 39. Ke2 Kf8 40. Nd3 Nd7
41. Nf1 f6 42. Qc1 Kg7 43. Nd2 Qc6 44. Qxc6 Bxc6 45. f4 g5 46. Ke3 Kf7 47. Kf3
Ke6 48. Nf1 Kf7 49. Ne3 Kg6 50. Nf5 Ba8 51. b4 h5 52. gxh5+ Kxh5 53. Nc5 g4+
54. Ke3 Nb6 55. Nd6 exf4+ 56. Kxf4 Nc4 57. Nxc4 bxc4 58. Ke3 Kg5 59. Kd4 f5 60.
exf5 Kxf5 61. Kxc4 Bg2 62. Kd4 Bf1 63. a4 Be2 64. Kd5 Bf3+ 65. Kd6 Be2 66. Nxa6
Bxa6 67. b5 Bb7 68. Kc7 Bd5 69. b6 Ke4 70. b7 Bxb7 71. Kxb7 Kf3 72. a5 Kxg3 73.
a6 Kh2 74. a7 g3 75. a8=Q g2 76. Qh8+ Kg3 77. Qg7+ Kf2 78. Qf6+ Kg3 79. Qg5+
Kf2 80. Qf4+ Ke1 81. Qg3+ Kf1 82. Qf3+ 1-0

[Event "RA March op"]
[Site "Ottawa CAN"]
[Date "2018.03.04"]
[Round "5"]
[White "Sambuev, Bator"]
[Black "Chiku-Ratte, Olivier-Kenta"]
[Result "1-0"]
[WhiteElo "2581"]
[BlackElo "2460"]
[PlyCount "85"]
[EventDate "2018.03.02"]
[EventType "swiss"]
[EventRounds "5"]
[EventCountry "CAN"]

1. g3 Nf6 2. Bg2 g6 3. e4 d6 4. d4 Bg7 5. Ne2 O-O 6. O-O c5 7. c3 Nbd7 8. h3
Qc7 9. Be3 Rb8 10. Nd2 b6 11. f4 Bb7 12. g4 e5 13. dxe5 dxe5 14. f5 Ne8 15. c4
gxf5 16. Rxf5 Nd6 17. Rf2 b5 18. cxb5 Nxb5 19. Nf1 Nd4 20. Nfg3 Rfe8 21. Qc1
Re6 22. Nh5 Nxe2+ 23. Rxe2 Rd6 24. Rf2 Rc8 25. Qc3 c4 26. Raf1 Rf8 27. Rc1 Rc6
28. Rf5 Rc8 29. Bxa7 Ra8 30. Be3 Rxa2 31. Rcf1 f6 32. Nxg7 Kxg7 33. g5 Raa6 34.
Qe1 Nf8 35. Qh4 Qd8 36. gxf6+ Rxf6 37. Bh6+ Kf7 38. Rxf6+ Rxf6 39. Qxf6+ Qxf6
40. Rxf6+ Kxf6 41. Bxf8 Kg5 42. Kf2 h5 43. Bg7 1-0

[Event "Vendredi 2018.02.16 A"]
[Site "Montreal CAN"]
[Date "2018.02.16"]
[Round "1"]
[White "Huang, Qiuyu"]
[Black "Chiku-Ratte, Olivier-Kenta"]
[Result "0-1"]
[WhiteElo "2172"]
[BlackElo "2460"]
[PlyCount "70"]
[EventDate "2018.02.16"]
[EventType "tourn"]
[EventRounds "3"]
[EventCountry "CAN"]

1. e4 c5 2. Nf3 g6 3. d4 cxd4 4. Nxd4 Bg7 5. c4 Nc6 6. Be3 Nf6 7. Nc3 O-O 8.
Be2 d6 9. O-O Bd7 10. Qd2 Nxd4 11. Bxd4 Bc6 12. f3 a5 13. Kh1 Nd7 14. Bxg7 Kxg7
15. f4 Qb6 16. Rf3 Nf6 17. Bd3 Qd4 18. Re1 e6 19. Rh3 Ng4 20. Rf3 f5 21. Nb5
Bxb5 22. cxb5 Rfe8 23. h3 Nf6 24. exf5 gxf5 25. Kh2 Kf7 26. Rc1 Rac8 27. Rxc8
Rxc8 28. Qxa5 Rc1 29. Bf1 Ng4+ 30. Kg3 Ne3 31. Qd8 Nxf1+ 32. Rxf1 Qg7+ 33. Kf2
Rc2+ 34. Ke3 Qg3+ 35. Kd4 Rd2+ 0-1

[Event "Vendredi 2018.02.16 A"]
[Site "Montreal CAN"]
[Date "2018.03.07"]
[Round "3"]
[White "Chabot, Roland"]
[Black "Chiku-Ratte, Olivier-Kenta"]
[Result "1/2-1/2"]
[WhiteElo "2203"]
[BlackElo "2460"]
[PlyCount "119"]
[EventDate "2018.02.16"]
[EventType "tourn"]
[EventRounds "3"]
[EventCountry "CAN"]

1. c4 Nf6 2. Nc3 g6 3. e4 d6 4. d4 Bg7 5. Nf3 O-O 6. Be2 c5 7. O-O cxd4 8. Nxd4
Nc6 9. Be3 Bd7 10. Nc2 Rc8 11. Rc1 a6 12. f3 Ne5 13. Na3 Qa5 14. Qd2 Rfe8 15.
Rfd1 Be6 16. Nd5 Qxd2 17. Bxd2 Nfd7 18. Bc3 Bh6 19. Rb1 f5 20. exf5 Bxf5 21.
Ra1 Kf7 22. Bd2 Bxd2 23. Rxd2 Kg7 24. b3 Nc6 25. Ne3 Be6 26. Nac2 Bf7 27. f4
Nc5 28. Bf3 b5 29. cxb5 axb5 30. Re1 Red8 31. Red1 Rc7 32. Nd5 Rcd7 33. Ndb4
Nxb4 34. Nxb4 Rc7 35. g3 h6 36. Re1 g5 37. fxg5 hxg5 38. Rde2 e5 39. Rd2 Ne6
40. Nc6 Rxc6 41. Bxc6 Nd4 42. Rxd4 exd4 43. Bxb5 Rb8 44. Bd3 Rc8 45. Re4 Rc1+
46. Kf2 Ra1 47. Rxd4 Rxa2+ 48. Ke3 d5 49. h4 Kf6 50. hxg5+ Kxg5 51. Rf4 d4+ 52.
Rxd4 Bxb3 53. Be2 Be6 54. Rd6 Ra3+ 55. Kf2 Bf5 56. Rd5 Kf6 57. g4 Be4 58. Rc5
Rb3 59. g5+ Kg6 60. Bb5 1/2-1/2

[Event "Mercredi 2018.01.10 ABCD"]
[Site "Montreal CAN"]
[Date "2018.01.10"]
[Round "1"]
[White "Rodrigue-Lemieux, Shawn"]
[Black "Chiku-Ratte, Olivier-Kenta"]
[Result "0-1"]
[WhiteElo "2315"]
[BlackElo "2487"]
[PlyCount "86"]
[EventDate "2018.01.10"]
[EventType "tourn"]
[EventRounds "5"]
[EventCountry "CAN"]

1. e3 g6 2. d4 Bg7 3. Nf3 Nf6 4. Bd3 O-O 5. O-O d6 6. Nbd2 c5 7. c3 b6 8. a4
Nc6 9. Re1 Bb7 10. Qe2 Qc7 11. dxc5 bxc5 12. e4 Nh5 13. Nf1 e5 14. Be3 Nf4 15.
Bxf4 exf4 16. Qc2 Na5 17. N1d2 c4 18. Bf1 Rfe8 19. Nd4 Re7 20. Nb5 Qc5 21. Rad1
Rae8 22. Nxc4 Nxc4 23. Bxc4 d5 24. Ba2 a6 25. b4 Qb6 26. Na3 Rxe4 27. Rxe4 Rxe4
28. Qd3 d4 29. Nc4 Qe6 30. Rf1 Re2 31. Nd6 Qxa2 32. Nxb7 dxc3 33. Qd8+ Bf8 34.
Nc5 Qc4 35. Nd7 Qxb4 36. h3 c2 37. Nxf8 Qxf8 38. Qd3 Qe8 39. Qc4 Rd2 40. Qc3
Qe2 41. Qc8+ Kg7 42. Qc3+ Kh6 43. Qb4 Qxf1+ 0-1

[Event "Mercredi 2018.01.10 ABCD"]
[Site "Montreal CAN"]
[Date "2018.01.17"]
[Round "2"]
[White "Chiku-Ratte, Olivier-Kenta"]
[Black "Soudre, Nicolas"]
[Result "1-0"]
[WhiteElo "2487"]
[BlackElo "2253"]
[PlyCount "55"]
[EventDate "2018.01.10"]
[EventType "tourn"]
[EventRounds "5"]
[EventCountry "CAN"]

1. d4 e6 2. c4 Bb4+ 3. Nc3 f5 4. e3 Nf6 5. Bd3 b6 6. Nge2 Bb7 7. f3 O-O 8. O-O
Bd6 9. Qe1 c5 10. Qh4 Nc6 11. b3 Be7 12. Qf2 Qe8 13. Bb2 Rd8 14. Rad1 Bd6 15.
Bb1 Qh5 16. Ng3 Qh4 17. Nb5 Bb8 18. dxc5 f4 19. Ne4 Qxh2+ 20. Kxh2 fxe3+ 21.
Qg3 Nxe4 22. fxe4 Bxg3+ 23. Kxg3 e2 24. Rxf8+ Rxf8 25. Re1 Rf1 26. Bc3 bxc5 27.
Bd3 Ne5 28. Rxf1 1-0

[Event "Mercredi 2018.01.10 ABCD"]
[Site "Montreal CAN"]
[Date "2018.01.24"]
[Round "3"]
[White "Leveille, Francois"]
[Black "Chiku-Ratte, Olivier-Kenta"]
[Result "0-1"]
[WhiteElo "2310"]
[BlackElo "2487"]
[PlyCount "67"]
[EventDate "2018.01.10"]
[EventType "tourn"]
[EventRounds "5"]
[EventCountry "CAN"]

1. Nf3 Nf6 2. d4 g6 3. Bg5 Bg7 4. Nbd2 d6 5. h3 c5 6. dxc5 dxc5 7. e4 O-O 8. c3
Nc6 9. Qc2 Qc7 10. Bc4 Nh5 11. g3 Rb8 12. a4 b6 13. Kf1 Na5 14. Be2 e5 15. Kg2
h6 16. Be3 Nf4+ 17. gxf4 exf4 18. Bxc5 bxc5 19. Nc4 Nc6 20. Rad1 Be6 21. Nfd2
Qe7 22. Bg4 h5 23. Bxe6 Qxe6 24. Na3 Rfe8 25. Nb5 Be5 26. Nf3 a6 27. Nxe5 Qxe5
28. Rd5 f3+ 29. Kg1 Qf6 30. Nc7 Re5 31. Kf1 Ne7 32. Rxe5 Qxe5 33. Nxa6 Rd8 34.
Ke1 0-1

[Event "Mercredi 2018.01.10 ABCD"]
[Site "Montreal CAN"]
[Date "2018.01.31"]
[Round "4"]
[White "Chiku-Ratte, Olivier-Kenta"]
[Black "Langlois-Remillard, Alexis"]
[Result "1-0"]
[WhiteElo "2487"]
[BlackElo "2109"]
[PlyCount "69"]
[EventDate "2018.01.10"]
[EventType "tourn"]
[EventRounds "5"]
[EventCountry "CAN"]

1. d4 d5 2. c4 Nc6 3. Nc3 dxc4 4. Nf3 Nf6 5. Bg5 Bg4 6. d5 Na5 7. Ne5 Bd7 8. b4
cxb3 9. axb3 b6 10. b4 Nb7 11. e4 Nd6 12. Bd3 h6 13. Be3 g6 14. Nxd7 Nxd7 15.
Bd4 Rg8 16. e5 Bg7 17. f4 Kf8 18. Qc2 a5 19. b5 Nb7 20. O-O Ndc5 21. f5 Nxd3
22. Qxd3 Nc5 23. Qc4 g5 24. f6 exf6 25. exf6 Bh8 26. Bxc5+ bxc5 27. Qxc5+ Qd6
28. Qxd6+ cxd6 29. b6 Ke8 30. Rae1+ Kd8 31. Nb5 Rb8 32. Nxd6 Rxb6 33. Nxf7+ Kc8
34. Nxh8 Rxh8 35. f7 1-0

[Event "Mercredi 2018.01.10 ABCD"]
[Site "Montreal CAN"]
[Date "2018.02.07"]
[Round "5"]
[White "Lopez Linares, Lizandro"]
[Black "Chiku-Ratte, Olivier-Kenta"]
[Result "1-0"]
[WhiteElo "2198"]
[BlackElo "2487"]
[PlyCount "77"]
[EventDate "2018.01.10"]
[EventType "tourn"]
[EventRounds "5"]
[EventCountry "CAN"]

1. d4 Nf6 2. Nf3 g6 3. Bg5 Bg7 4. Nbd2 d6 5. c3 c5 6. dxc5 dxc5 7. e4 O-O 8.
Bc4 Nc6 9. Qe2 Qc7 10. O-O Nh5 11. Qe3 b6 12. Rfe1 e5 13. Rad1 Nf4 14. Bd5 Bb7
15. Nc4 h6 16. Bh4 g5 17. Bg3 Kh7 18. Rd2 Ng6 19. Red1 Qe7 20. h3 Nf4 21. Qe1
b5 22. Ne3 Rad8 23. Nf5 Qc7 24. Bxf4 gxf4 25. Qe2 Ne7 26. Nxe7 Qxe7 27. Qxb5
Bxd5 28. Rxd5 Rb8 29. Qe2 c4 30. Rd7 Qc5 31. Nh4 Rb6 32. R1d2 Qc6 33. Nf5 Rxb2
34. Rxb2 Qxd7 35. Rd2 f3 36. Qe3 Qb7 37. Rd6 Qb1+ 38. Kh2 fxg2 39. Rxh6+ 1-0

[Event "Winter Classic inv."]
[Site "Montreal CAN"]
[Date "2018.01.02"]
[Round "1"]
[White "Talukdar, Rohan"]
[Black "Chiku-Ratte, Olivier-Kenta"]
[Result "1/2-1/2"]
[WhiteElo "2290"]
[BlackElo "2329"]
[PlyCount "128"]
[EventDate "2018.01.02"]
[EventType "tourn"]
[EventRounds "7"]
[EventCountry "CAN"]

1. e4 d6 2. d4 Nf6 3. Nc3 g6 4. f4 Bg7 5. Nf3 O-O 6. Bd3 c5 7. dxc5 dxc5 8. e5
Nd5 9. Nxd5 Qxd5 10. Qe2 Bf5 11. Bxf5 gxf5 12. O-O Rd8 13. Be3 Nd7 14. Rfd1 Qc6
15. Rd3 c4 16. Rd4 Nb6 17. Rad1 Rdc8 18. c3 Bf8 19. Qf2 Kh8 20. R4d2 Qh6 21.
Ng5 Kg8 22. Qf3 Qc6 23. Qh3 Qg6 24. a3 Na4 25. e6 fxe6 26. Bd4 h6 27. Nf3 Qg4
28. Qg3 Qxg3 29. hxg3 b5 30. Re1 Rc6 31. Rde2 a5 32. Rxe6 Rxe6 33. Rxe6 Nxb2
34. Rb6 Nd3 35. Rxb5 e5 36. fxe5 Bxa3 37. e6 Bf8 38. Nd2 a4 39. Nxc4 a3 40.
Nxa3 Rxa3 41. Rb8 Ra1+ 42. Kh2 Re1 43. Re8 h5 44. c4 Re4 45. Bf6 Nf2 46. Bc3
Ng4+ 47. Kg1 Kh7 48. Rxf8 Rxe6 49. Rxf5 Kg6 50. Rf4 Rc6 51. Bd2 Rd6 52. Be1 Rc6
53. Bf2 Ra6 54. Bd4 Ra2 55. c5 Rc2 56. Rf1 Rc4 57. Rd1 Rc2 58. Kf1 Nh2+ 59. Ke1
Rxg2 60. Bf2 Ng4 61. Rd6+ Kf5 62. Rd5+ Ke4 63. Rxh5 Nxf2 64. Kf1 Rxg3 1/2-1/2

[Event "Winter Classic inv."]
[Site "Montreal CAN"]
[Date "2018.01.03"]
[Round "2"]
[White "Ivanov, Mike"]
[Black "Chiku-Ratte, Olivier-Kenta"]
[Result "1/2-1/2"]
[WhiteElo "2248"]
[BlackElo "2329"]
[PlyCount "90"]
[EventDate "2018.01.02"]
[EventType "tourn"]
[EventRounds "7"]
[EventCountry "CAN"]

1. d4 Nf6 2. c4 g6 3. Nc3 Bg7 4. e4 d6 5. Bd3 O-O 6. Nf3 c5 7. d5 e6 8. O-O
exd5 9. exd5 Bg4 10. h3 Bxf3 11. Qxf3 a6 12. a4 Nbd7 13. Qd1 Re8 14. Bg5 Qe7
15. Qd2 Qf8 16. f4 h6 17. Bh4 Nh5 18. g4 Bd4+ 19. Bf2 Nhf6 20. Bc2 Bxc3 21.
Qxc3 Ne4 22. Qd3 Qg7 23. Be3 f5 24. a5 Re7 25. Ra3 Rae8 26. Bc1 Qf6 27. Rb3 Qh4
28. Qf3 Ndf6 29. Bd1 Kh7 30. Qg2 Kh8 31. Rd3 Nd7 32. b3 Kh7 33. Re3 Nef6 34.
Rxe7+ Rxe7 35. Bf3 Ne4 36. Kh2 Ndf6 37. gxf5 gxf5 38. Rg1 Qf2 39. Bb2 Qxg2+ 40.
Rxg2 Rd7 41. Kg1 Re7 42. Kf1 h5 43. Bxe4 Nxe4 44. h4 Kh6 45. Kg1 Kh7 1/2-1/2